Hatred of democracy (Record no. 1435757)

MARC details
000 -LEADER
fixed length control field 00796 a2200253 4500
005 - DATE AND TIME OF LATEST TRANSACTION
control field 20251223154739.0
008 - FIXED-LENGTH DATA ELEMENTS--GENERAL INFORMATION
fixed length control field 251223b |||||||| |||| 00| 0 eng d
020 ## - INTERNATIONAL STANDARD BOOK NUMBER
International Standard Book Number 9781781681503 (pbk)
037 ## - SOURCE OF ACQUISITION
Terms of availability TB
040 ## - CATALOGING SOURCE
Original cataloging agency AL
Transcribing agency AL
041 ## - LANGUAGE CODE
Source of code eng
Language code of text/sound track or separate title eng
084 ## - COLON CLASSIFICATION NUMBER
Classification number W6:(R) P5
Assigning agency AL
100 ## - MAIN ENTRY--PERSONAL NAME
Personal name Ranciere, Jacques
9 (RLIN) 821920
245 ## - TITLE STATEMENT
Title Hatred of democracy
260 ## - PUBLICATION, DISTRIBUTION, ETC.
Place of publication, distribution, etc. London, UK;
-- New York, USA:
Name of publisher, distributor, etc. Verso,
Date of publication, distribution, etc. 2015.
300 ## - PHYSICAL DESCRIPTION
Extent 106p.
365 ## - TRADE PRICE
Price amount 10.99
Currency code UKP
650 ## - SUBJECT ADDED ENTRY--TOPICAL TERM
Topical term or geographic name entry element Democracy
9 (RLIN) 859094
650 ## - SUBJECT ADDED ENTRY--TOPICAL TERM
Topical term or geographic name entry element Philosophy
9 (RLIN) 859095
650 ## - SUBJECT ADDED ENTRY--TOPICAL TERM
Topical term or geographic name entry element Political Science
9 (RLIN) 859096
700 ## - ADDED ENTRY--PERSONAL NAME
Personal name Corcoran, Steve
Relator term translator.
9 (RLIN) 859097
942 ## - ADDED ENTRY ELEMENTS (KOHA)
Koha item type Textbook
Source of classification or shelving scheme Colon Classification (CC)
Suppress in OPAC No
Classification part W6:(R) P5
Holdings
Withdrawn status Lost status Source of classification or shelving scheme Damaged status Not for loan Home library Current library Date acquired Source of acquisition Cost, normal purchase price Inventory number Total Checkouts Full call number Barcode Date last seen Cost, replacement price Price effective from Koha item type
    Colon Classification (CC)     Arts Library Arts Library 2025-10-13 84/ Knowledge Warehouse 919.16 4298 & 2025-10-01   W6:(R) P5 AL1804795 2025-10-13 1313.09 2025-10-13 Textbook
Copyright @ Delhi University Library System